000
00309nam a2200097Ia 4500
008
171204s9999 xx 000 0 und d
245
_a
Applied Business Statistics: Methods and Excel-based Applications
260
_c
2016
650
_x
BUSINESS STATISTICS
856
_u
http://down.ebook777.com/062/1485111935.pdf
999
_c
345672
_d
345672